Kluby w Ekstraklasie 2020/2021 - Statystyki

Ogólne statystyki
  • Ten quiz został rozwiązany 136 razy
  • Średni wynik to 13 z 16
Statystyki odpowiedzi
# klub % Poprawnych
2 Lech Poznań
99%
1 Legia Warszawa
98%
13 Wisła Kraków
95%
4 Lechia Gdańsk
90%
7 Pogoń Szczecin
88%
8 Jagiellonia Białystok
87%
5 Śląsk Wrocław
86%
3 Piast Gliwice
83%
10 Raków Częstochowa
83%
11 Wisła Płock
80%
6 Cracovia Kraków
78%
9 Górnik Zabrze
75%
15 Warta Poznań
74%
12 Zagłębie Lubin
74%
16 Stal Mielec
73%
14 Podbeskidzie
63%
Nie znaleziono quizów pasujących do podanych kryteriów
Rozkład punktacji
Procent ludzi z każdym wynikiem
Percentyl według liczby udzielonych odpowiedzi
Twoja historia wyników
Nie rozwiązałeś tego quizu